书目信息 |
| 题名: |
中国林业植物授权新品种
|
|
| 作者: | ;国家林业局 , 国家林业局 编 | |
| 分册: | 2014 | |
| 出版信息: | 北京 中国林业出版社 2015 |
|
| 页数: | 178页 | |
| 开本: | 26cm | |
| 丛书名: | ||
| 单 册: | ||
| 中图分类: | S718.3 | |
| 科图分类: | ||
| 主题词: | 森林植物--品种--中国--汇编 | |
| 电子资源: | ||
| ISBN: | 978-7-5038-7950-0 | |
| 000 | 00920nam0 2200241 450 | |
| 001 | 1739210969 | |
| 005 | 20161207151528.0 | |
| 010 | @a978-7-5038-7950-0@dCNY99.00 | |
| 100 | @a20150525d2015 em y0chiy50 ea | |
| 101 | 0 | @achi |
| 102 | @aCN@b110000 | |
| 105 | @aa z 000yy | |
| 106 | @ar | |
| 200 | 1 | @a中国林业植物授权新品种@Azhong guo lin ye zhi wu shou quan xin pin zhong@h2014@f国家林业局科技发展中心(国家林业局植物新品种保护办公室)编 |
| 210 | @a北京@c中国林业出版社@d2015 | |
| 215 | @a178页@c彩图@d26cm | |
| 330 | @a本书收录了2014年林业植物授权新品种,包括红五月、小鱼鳞云、乡恋、闪亮一品红、粉嘟嘟、胭脂扣、红莲舞、天山霞光、花冠贞、金冠贞等。 | |
| 606 | 0 | @a森林植物@x品种@y中国@j汇编 |
| 690 | @aS718.3@v5 | |
| 711 | 02 | @a国家林业局@Aguo jia lin ye ju@b科技发展中心@4编 |
| 711 | 02 | @a国家林业局@Aguo jia lin ye ju@b植物新品种保护办公室@4编 |
| 801 | 2 | @aCN@bCCAU@c20150701 |
| 905 | @aBZT@dS718.3@e1:2014 | |
| 中国林业植物授权新品种.2014/国家林业局科技发展中心(国家林业局植物新品种保护办公室)编.-北京:中国林业出版社,2015 |
| 178页:彩图;26cm |
| ISBN 978-7-5038-7950-0:CNY99.00 |
| 本书收录了2014年林业植物授权新品种,包括红五月、小鱼鳞云、乡恋、闪亮一品红、粉嘟嘟、胭脂扣、红莲舞、天山霞光、花冠贞、金冠贞等。 |
| ● |
| 相关链接 |
|
|
|
正题名:中国林业植物授权新品种
索取号:S718.3/1:2014
 
预约/预借
| 序号 | 登录号 | 条形码 | 馆藏地/架位号 | 状态 | 备注 |
| 1 | 827507 | 2000827507 | 第二书库/ [索取号:S718.3/1:2014] | 在馆 | |
| 2 | 827508 | 2000827508 | 第二书库/ [索取号:S718.3/1:2014] | 在馆 | |
| 3 | 827509 | 2000827509 | 第二书库/ [索取号:S718.3/1:2014] | 在馆 |